000
00204nam a22000977a 4500
008
210707s2011 xx 000 0 und d
041
_a
eng
082
_a
052 HA
245
_a
Health Action
260
_c
2011
999
_c
179737
_d
179737